| 000 | 00890nab a2200205 i 4500 | ||
|---|---|---|---|
| 001 | 768714001 | ||
| 003 | CO-MdFUSB | ||
| 005 | 20240509164920.0 | ||
| 008 | 240509t1969 sp ||||| |||| 00| 0 spa d | ||
| 040 |
_bspa. _cCO-MdFUSB _dCO-MdFUSB |
||
| 100 |
_aFries, Heinrich, _eautor |
||
| 245 |
_aDe la apologética a la teología fundamental _c/ Heinrich Fries |
||
| 520 | _aExplicación de como se pasó de la teología apologética a la teología fundamental, y de la reflexión que tuvo en vistas a reformarse la apologética. | ||
| 650 | 7 |
_aTeología dogmática _96937 |
|
| 650 | 7 |
_aApologética _9187 |
|
| 653 | _aTeología fundamental - católica | ||
| 773 | 0 |
_049450 _982609 _oR2536 _tRevista internacional de teología Concilium _w(CO-MdFUSB)8 _x0210-1041 _gNúmero 46, (junio, 1969), páginas: 384 - 396 _qpágina: 384 |
|
| 942 | _cANA | ||
| 945 | _aCatherine Arias Alvarez - Practicante SENA | ||
| 999 |
_c69638 _d69638 |
||